Statistics for Taylor Swift - Timeless Lyrics

Click here to take the quiz!

General Stats

  • This quiz has been taken 183 times
    (95 since last reset)
  • The average score is 420 of 524

Answer Stats

Answer% Correct
a
100%
I
100%
an
98%
In
98%
in
98%
The
98%
the
98%
Time
98%
time
98%
timeless"
98%
timeless
98%
be
96%
been
96%
by
96%
me
96%
we
96%
We
96%
were
96%
We're
96%
would
96%
and
93%
And
93%
on
93%
On
93%
to
93%
war
93%
was
93%
would've
93%
you
93%
You
93%
have
91%
love
91%
mine
91%
of
91%
So
91%
so
91%
your
91%
1944
89%
another
89%
head
89%
my
89%
still
89%
street
89%
cents
87%
crowded
87%
fight
87%
photos
87%
"Photos:
87%
read
87%
saw
87%
you'd
87%
each
84%
each"
84%
for
84%
let
84%
life
84%
met
84%
God
82%
home
82%
know
82%
letters
82%
night
82%
said
82%
shop
82%
single
82%
that
82%
we'd
82%
when
82%
box
80%
comin'
80%
down
80%
Down
80%
every
80%
if
80%
man
80%
marry
80%
off
80%
prayed
80%
somethin'
80%
twenty-five
80%
all
78%
antique
78%
Even
78%
even
78%
"Stop"
78%
There
78%
first
76%
It
76%
it
76%
other
76%
something
76%
walked
76%
cardboard
73%
fine
73%
this
73%
turned
73%
back
71%
find
71%
forced
71%
old
71%
right
71%
sign
71%
us
71%
block
69%
counter
69%
kind
69%
land
69%
no
69%
there's
69%
But
67%
headed
67%
lifetime
67%
like
67%
"Oh
67%
porch
67%
'30s
64%
different
64%
house
64%
those
64%
bride
62%
'Cause
62%
Don't
62%
don't
62%
foreign
62%
found
62%
it's
62%
just
62%
kinda
62%
once
62%
their
62%
1500s
60%
Black
60%
couple
60%
gonna
60%
I'd
60%
lovers
60%
supposed
60%
That's
60%
that's
60%
white
60%
1958
58%
believe
58%
called
58%
hard
58%
instead
58%
only
58%
stood
58%
We'll
58%
You're
58%
explain
56%
had
56%
is
56%
laughin'
56%
put
56%
years
56%
At
53%
book
53%
face
53%
mind
53%
our
53%
Story
53%
story
53%
way
53%
ago
51%
date
51%
driveway
51%
I'm
51%
room
51%
say
51%
somehow
51%
started
51%
as
49%
few
49%
gray
49%
hair
49%
made
49%
teenage
49%
breaks
47%
brought
47%
covered
47%
did
47%
one
47%
really
47%
romance
47%
same
47%
short
47%
they
47%
turnin'
47%
apart
44%
body
44%
cobwebs
44%
fell
44%
"Hello"
44%
Hundreds
44%
soul
44%
these
44%
things
44%
we've
44%
Which
44%
you'll
44%
away
42%
classic
42%
dance
42%
die
42%
eye
42%
fate
42%
hands
42%
Holdin'
42%
proof
42%
run
42%
sometimes
42%
torn
42%
about
40%
age-old
40%
always
40%
behind
40%
forgot
40%
left
40%
thought
40%
touch
40%
came
38%
caught
38%
smile
38%
upon
38%
lookin'
36%
precious
36%
'round
31%
school
24%

Score Distribution

Percentile by Number Answered

Percent of People with Each Score

Your Score History

You have not taken this quiz since the last reset